The underdevelopment of development (Record no. 41299)

MARC details
000 -LEADER
fixed length control field 00327nam a2200121Ia 4500
082 ## - DEWEY DECIMAL CLASSIFICATION NUMBER
Classification number 330.342.22
Item number CHE
245 #4 - TITLE STATEMENT
Title The underdevelopment of development
260 ## - PUBLICATION, DISTRIBUTION, ETC. (IMPRINT)
Place of publication New Delhi
Name of publisher Sage Publications
Year of publication 1996
700 ## - ADDED ENTRY--PERSONAL NAME
Personal name Chew, Sing C
700 ## - ADDED ENTRY--PERSONAL NAME
Personal name Denemark, Robert A
942 ## - ADDED ENTRY ELEMENTS (KOHA)
Koha item type Books
Holdings
Withdrawn status Lost status Damaged status Not for loan Home library Current library Date acquired Cost, normal purchase price Full call number Accession Number Koha item type
        RRII Library RRII Library 16/12/2021 595.00 330.342.22 CHE 21588 Books